000 00226nam a22000857a 4500
008 160711b xxu||||| |||| 00| 0 eng d
100 _92606
_a Lodge, E
245 _aAdventures in Reading
260 _aN.Y
_b Harcourt Brace & Com
_c1958
999 _c2262
_d2262